Canadá: manual oficial de las condiciones actuales y de los recientes progresos
Guardat en:
| Autor corporatiu: | |
|---|---|
| Format: | Llibre |
| Idioma: | espanyol |
| Publicat: |
Ottawa
Edmund Cloutier
1945
|
| Matèries: | |
| Etiquetes: |
Afegir etiqueta
Sense etiquetes, Sigues el primer a etiquetar aquest registre!
|
MARC
| LEADER | 00000nam a2200000 a 4500 | ||
|---|---|---|---|
| 001 | UCO0668 | ||
| 003 | CL-VaPUC | ||
| 008 | 000428e19450000CN |||||||||||||||||spa|d | ||
| 082 | 0 | 4 | |a 971.06 |b MIN |2 21 |
| 110 | 2 | |a Ministerio de Comercio y Industria |e author |9 442053 | |
| 245 | 1 | 0 | |a Canadá: manual oficial de las condiciones actuales y de los recientes progresos |
| 300 | |a 340 p | ||
| 942 | |c BK | ||
| 945 | |d 20000428 00:00:00 |a crobeson | ||
| 260 | |a Ottawa |b Edmund Cloutier |c 1945 | ||
| 650 | 0 | |a Historia |9 255047 | |
| 650 | 0 | |a Condiciones económicas |9 258255 | |
| 650 | 0 | |a Desarrollo económico y social |9 256320 | |
| 650 | 0 | |a Desarrollo industrial |9 322675 | |
| 651 | 7 | |a CANADA |2 CL-VaPUC |9 442054 | |
| 583 | |a last modification |c 20000428 00:00:00 |k Rodrigo Vera | ||
| 999 | |c 287316 |d 287314 | ||
| 952 | |0 0 |1 0 |4 0 |6 971_060000000000000_MIN_1945 |7 0 |8 X |9 334136 |a BIBHIS |b BIBHIS |d 2019-11-20 |i 1271431 |o 971.06 MIN 1945 |p 1271431 |r 2024-01-30 |w 2019-11-20 |y BK_X |k HIS | ||